| 000 | 00000nam##2200000za#4500 |
| 001 | 9.576640 |
| 003 | CaOODSP |
| 005 | 20210624185231 |
| 007 | cr ||||||||||| |
| 008 | 150406|1987||||xxc|||||o f|0| 0 eng|d |
| 040 | |aCaOODSP|beng |
| 043 | |an-cn--- |
| 086 | 1 |aFs97-13/624E-PDF |
| 110 | 1 |aCanada. |bDepartment of Fisheries and Oceans. |
| 245 | 12|aA summary of information on the seasonal distribution and abundance of walrus (Odobenus rosmarus) in the area of northern Hudson Bay and Western Hudson Strait, NWT, as collected from local hunters / |h[electronic resource]|cby J.R. Orr and T. Rebizant. |
| 260 | |aWinnipeg - Manitoba : |bFisheries and Oceans Canada |c1987. |
| 300 | |a22p.|bfigs., references, tables |
| 490 | 1 |aCanadian data report of fisheries and aquatic sciences|vNo. 624 |
| 500 | |aOn t.p.: Central and Arctic Region, Winnipeg, Manitoba. Catalogue number of the print edition appears in the PDF version. |
| 546 | |a(Résumé en français) |
| 590 | |a13-18-Supp|b2013-08-01 |
| 720 | 1 |aOrr, J. R. |
| 720 | 1 |aRebizant, T. |
| 830 | #0|aCanadian data report of fisheries and aquatic sciences ;|vNo. 624|w(CaOODSP)9.505124 |
| 856 | 40|ahttp://publications.gc.ca|qPDF|s309 KB|uhttps://publications.gc.ca/collections/collection_2013/mpo-dfo/Fs97-13-624-eng.pdf|yNo. 624 |